Jennifer Love Hewitt Filmography - Statistics

General Stats
  • This quiz has been taken 37 times
    6 since last reset
  • The average score is 16 of 106
Answer Stats
Type Year Name % Correct
TV Show 2005-2010 Ghost Whisperer
83%
Film 1997 I Know What You Did Last Summer
67%
Film 2025 I Know What You Did Last Summer
67%
Film 1998 I Still Know What You Did Last Summer
67%
TV Show 1995-1999 Party of Five
67%
TV Show 1998 Saturday Night Live
67%
Film 1998 Can't Hardly Wait
50%
Film 1997 Trojan War
50%
TV Show 2018-Present 9-1-1
33%
TV Show 1998 Boy Meets World
33%
TV Show 2002 Family Guy
33%
Film 2001 Heartbreakers
33%
TV Show 2010 Law & Order: Special Victims Unit
33%
TV Film 2010 The Client List
33%
TV Show 2012-2013 The Client List
33%
Film 2002 The Hunchback of Notre Dame II
33%
Film 2002 The Tuxedo
33%
TV Film 2004 A Christmas Carol
17%
TV Show 2002 All That
17%
TV Show 2004 American Dreams
17%
Commercial 1989, 1992 Barbie
17%
Film 2010 Café
17%
TV Film 2005 Confessions of a Sociopathic Social Climber
17%
TV Show 2014-2015 Criminal Minds
17%
Short Film 1992 Dance! Workout with Barbie
17%
Film 2008 Delgo
17%
TV Show 1999 Disney's Hercules: The Animated Series
17%
Film 2006 Garfield: A Tail of Two Kitties
17%
Film 2004 Garfield: The Movie
17%
Film 2002 Groove Squad
17%
TV Show 2011, 2012, 2014 Hot in Cleveland
17%
Film 1996 House Arrest
17%
Film 2004 If Only
17%
TV Pilot 2004 In the Game
17%
Film 2012 Jewtopia
17%
TV Show 1989-1991 Kids Incorporated
17%
Commercial 1989 LA Gear
17%
Commercial 1999 Levi's
17%
Film 1993 Little Miss Millions
17%
TV Show 2011 Love Bites
17%
TV Show 1994-1995 McKenna
17%
Commercial 1992 Mrs. Smith
17%
Film 1992 Munchie
17%
Film 2021 Pups Alone
17%
TV Film 1992 Running Wilde
17%
TV Show 2012 RuPaul's Drag Race
17%
TV Show 1992-1993 Shaky Ground
17%
Film 2007 Shortcut to Happiness
17%
Film 1993 Sister Act 2: Back in the Habit
17%
Film 1998 Telling You
17%
Film 2002 The Adventures of Tom Thumb and Thumbelina
17%
TV Film 2000 The Audrey Hepburn Story
17%
TV Show 1994 The Byrds of Paradise
17%
TV Film 2024 The Holiday Junkie
17%
TV Film 2011 The Lost Valentine
17%
Film 1999 The Suburbans
17%
Film 2005 The Truth About Love
17%
TV Show 2001 The Weekenders
17%
TV Show 1999-2000 Time of Your Life
17%
Film 2008 Tropic Thunder
17%
Commercial 1991 Victoria Golf
17%
Documentary Mini-Series 2011 Vietnam in HD
17%
TV Short 2009 Yes, Virginia
17%
Short Film 1998 Zoomates
17%
Documentary Series 2025 A Killer Among Friends
0%
TV Show 2004 American Idol
0%
Short Film 2013 An Ode to Jennifer Love Hewitt
0%
TV Show 2001, 2003 Banzai
0%
Documentary 2022 Betty White: A Celebration
0%
TV Documentary 2018 Betty White: First Lady of Television
0%
TV Special 2012 Betty White's 90th Birthday: A Tribute to America's Golden Girl
0%
Documentary Series 2009 Biography
0%
Commercial 1992 Chex
0%
TV Special 1997 Christmas Miracles
0%
Commercial 1992 Colonial's Iron Kids Bread
0%
TV Show 2012 Dancing with the Stars
0%
Documentary Series 2001 Diary
0%
TV Show 2008 Dr. Phil
0%
Documentary Series 2004 E! True Hollywood Story
0%
TV Show 1997, 1998 Hey Hey It's Saturday
0%
Documentary Series 1996 Intimate Portrait
0%
Stand-Up Special 2010 Jamie Kennedy: Uncomfortable
0%
TV Show 2021 LEGO Masters
0%
TV Show 1997, 2000 MADtv
0%
TV Special 2003 MTV Bash: Carson Daly
0%
TV Special 1998, 1999 MTV New Year's Eve Live
0%
Commercial 1998-2003 Neutrogena
0%
TV Show 1998 Oh Yeah! Cartoons
0%
Commercial 2013 Old Navy
0%
Commercial 2015 Palmer's
0%
Commercial 2011 Pro Activ
0%
TV Show 2011 Project Runway
0%
TV Show 2004 Punk'd
0%
TV Show 2012 RuPaul's Drag Race: Untucked!
0%
TV Show 1996 Singled Out
0%
TV Special 1996 The Big Help
0%
Documentary Series 2002, 2003, 2005 The Greatest
0%
TV Film 2009 The Magic 7
0%
TV Special 1999 The N.Y. Friars Club Roast of Jerry Stiller
0%
TV Documentary 1997 The Senior Prom
0%
TV Show 2012 The Soup
0%
TV Documentary 2004 The Story of Veterans Day
0%
TV Show 2003 The Wayne Brady Show
0%
TV Show 2002 Total Request Live
0%
TV Special 2002 Women Rock! Girls and Guitars
0%
TV Show 2011 Your Friends Will Never Believe You
0%
No matching quizzes found
Score Distribution
Percent of People with Each Score
Percentile by Number Answered
Your Score History
You have not taken this quiz since the last reset